LEADER 00846cam0-22003011i-450- 001 990006116890403321 005 20061130141437.0 035 $a000611689 035 $aFED01000611689 035 $a(Aleph)000611689FED01 035 $a000611689 100 $a20000112d1988----km-y0itay50------ba 101 0 $aita 102 $aIT 105 $ay-------101yy 200 1 $a<>giustizia nel Lazio$eRoma, 30 giugno e 1 luglio 1986$f[Mario Adamo, Francesco Agati ... et al.] 210 $aNapoli$cJovene$dc1988 215 $aXXXVII, 381 p.$d24 cm 676 $a353.5$v20$zita 702 1$aAdamo,$bMario 702 1$aAgati,$bFrancesco 801 0$aIT$bUNINA$gRICA$2UNIMARC 901 $aBK 912 $a990006116890403321 952 $aCONGRESSI G 15$b21094*$fFGBC 959 $aFGBC 996 $aGiustizia nel Lazio$9575490 997 $aUNINA LEADER 00968nam0-2200349---450- 001 990003227400403321 005 20091015101628.0 010 $a88-86479-88-3 035 $a000322740 035 $aFED01000322740 035 $a(Aleph)000322740FED01 035 $a000322740 100 $a20030910d1999----km-y0itay50------ba 101 0 $aita 102 $aIT 200 1 $a<>TV fa bene ai bambini$fMario Morcellini 210 $aRoma$cMeltemi$dc1999 215 $a114 p.$d20 cm 225 1 $a<>società$v6 610 0 $aTelevisione$aAspetti psicopedagogici 610 0 $aTelevisione$aInfluenza sui bambini 676 $a302.2345083$v21$zita 702 1$aMorcellini,$bMario$f<1946- > 801 0$aIT$bUNINA$gRICA$2UNIMARC 901 $aBK 912 $a990003227400403321 952 $a302.2345083 MOR 1$b870$fBFS 952 $a13760 MOR/99$b18749$fSES 959 $aBFS 959 $aSES 996 $aTV fa bene ai bambini$9449336 997 $aUNINA